000 00390nam a2200181Ia 4500
003 0STCL
008 150530s9999 xx 000 0 und d
040 _aSTCL
_cSTCL
100 _aWertheim, E.
245 _aText book of organic chemistry
250 _aSecond
260 _c1948
300 _a0
546 _aEnglish
942 _2ddc
_cBK
999 _c33998
_d33998
005 20220125170321.0